| 000 | 01331nam0a22003731 4500 | ||
|---|---|---|---|
| 001 | v19\rc\1696782 | ||
| 005 | 20250619025430.0 | ||
| 035 | _a(NLR Aleph) 004799487 | ||
| 090 |
_a4813900 _c4813900 |
||
| 100 | _a20061002d1898 |||y0rusy50 ca | ||
| 101 | 1 |
_arus _ceng |
|
| 102 | _aRU | ||
| 105 | _aa z ||||| | ||
| 200 | 1 |
_aЖизнь растений _eПопул. беседы Грант Аллена _fПер. с англ. Н.Н. Спиридонова, просм. адъюнкт-проф. Моск. с.-х. ин-та Д.Н. Прянишниковым |
|
| 210 |
_aМосква _cмаг. кн. дело _d1898 |
||
| 215 |
_a[4], 230 с. _cил. _d17 |
||
| 300 | _aНа обл. дата: 1897 | ||
| 320 | _aБиблиогр.: с. 230 | ||
| 700 | 1 |
_aАллен _bГ. _f1848-1899 _gГрант |
|
| 702 | 1 |
_aСпиридонов _bН.Н. _4730 |
|
| 702 | 1 |
_aПрянишников _bД.Н. _f1865-1948 _gДмитрий Николаевич _4570 |
|
| 801 | 0 |
_aRU _bNLR _gpsbo |
|
| 801 | 0 |
_aRU _bRuMoRGB _2psbo |
|
| 801 | 1 |
_aRU _bProSoft-M _2rusmarc |
|
| 852 |
_aNLR _j20.93.7.20 |
||
| 899 |
_aRuMoRGB _jU 266/629 |
||
| 899 |
_aRuMoRGB _jU 398/109 |
||
| 899 |
_aRuMoRGB _jРб 3/563 |
||
| 899 |
_aRuMoRGB _jФ 1-78/11899 |
||
| 899 |
_aRuMoRGB _jL 4/486 |
||
| 899 |
_aRuMoRGB _jU 266/523 |
||
| 899 | _aБАН | ||
| 942 | _cBOOK | ||
| 980 | _aNB | ||